| 000 | 01971nam0a2200325 4500 | ||
|---|---|---|---|
| 001 | RU\NLR\BIBL_A\022638559 | ||
| 005 | 20260420054502.0 | ||
| 010 |
_a978-5-209-11834-3 _9300 |
||
| 021 |
_aRU _bКН-П-25-049952 _9КН-П-25-4829 |
||
| 035 | _a(NLR Aleph) 022638559 | ||
| 090 |
_a13685179 _c13685179 |
||
| 100 | _a20251007d2025 u y0rusy50 ca | ||
| 101 | 0 | _arus | |
| 102 | _aRU | ||
| 105 | _aa j 000yy | ||
| 181 | 0 |
_ai3 _baxxe |
|
| 182 | 0 | _an | |
| 200 | 1 |
_aВедение пациентов кардиологического профиля на амбулаторном уровне _eучебное пособие _eдля студентов V-VI курсов, обучающихся по специальности "Лечебное дело" (дисциплинам "Поликлиническая терапия" и "Амбулаторная кардиология"), ординаторов по специальностям "Общая врачебная практика (семейная медицина)", "Терапия", "Кардиология" _fА. В. Сыров, Н. В. Стуров |
|
| 203 |
_aТекст _bвизуальный _cнепосредственный |
||
| 210 |
_aМосква _cРоссийский университет дружбы народов им. Патриса Лумумбы _d2025 |
||
| 215 |
_a100, [1] с. _cил., цв. ил., табл. _d21 |
||
| 320 | _aБиблиогр. в конце разд. | ||
| 606 | 1 |
_aСердечно-сосудистая система _jУчебные издания _xБолезни _xТерапия _91392234 _3RU\NLR\AUTH\66585278 |
|
| 686 | 1 | _aР410-5я7 | |
| 700 | 1 |
_aСыров _bА. В. _gАндрей Валентинович |
|
| 701 | 1 |
_7ca _8rus _aСтуров _bН. В. _cканд. мед. наук _gНиколай Владимирович _986221 _3RU\NLR\AUTH\77103295 |
|
| 942 | _cBOOK | ||
| 980 | _aNB | ||